Post-Paninian System of Sanskrit Grammar (Record no. 19976)

MARC details
000 -LEADER
fixed length control field 00315nam a22001337a 4500
020 ## - INTERNATIONAL STANDARD BOOK NUMBER
ISBN 8171101610
082 ## - DEWEY DECIMAL CLASSIFICATION NUMBER
Classification number 491.25 SAI
100 ## - MAIN ENTRY--AUTHOR NAME
Author name Saini, R.S
245 ## - TITLE STATEMENT
Title Post-Paninian System of Sanskrit Grammar
260 ## - PUBLICATION, DISTRIBUTION, ETC. (IMPRINT)
Place of publication Delhi
Name of publisher Parimal Publications
Year of publication 2007
300 ## - PHYSICAL DESCRIPTION
Number of Pages 277
650 ## - SUBJECT ADDED ENTRY--TOPICAL TERM
Topical Term Sanskrit Grammar
942 ## - ADDED ENTRY ELEMENTS (KOHA)
Koha item type Books
Holdings
Home library Current library Date acquired Source of acquisition Cost, normal purchase price Full call number Accession Number Koha item type
Henry Martyn Institute Library Henry Martyn Institute Library 03/10/2016 kohinoor Book pub. 400.00 491.25 SAI 25055 Books
                   Copyright © 2026 | Henry Martyn Institute | Hyderabad | TS-500052 | INDIA | Implemented by hmi.edu.in
Hit-Count:

Powered by Koha